[Event "Luxembourg-chT 1213"]
[Site "Luxembourg"]
[Date "2013.01.10"]
[Round "4"]
[White "Birtz, Claude"]
[Black "Kuffer, Jean Claude"]
[Result "0-1"]
[WhiteElo "1811"]
[BlackElo "2028"]
[PlyCount "36"]
[EventDate "2012.10.??"]
[EventType "team-tourn"]
[EventRounds "10"]
[EventCountry "LUX"]
[SourceTitle "EXT 2017"]
[Source "ChessBase"]
[SourceDate "2016.10.25"]
[SourceVersion "1"]
[SourceVersionDate "2016.10.25"]
[SourceQuality "1"]

1. d4 d5 2. c4 c6 3. Nf3 Nf6 4. cxd5 cxd5 5. Nc3 Nc6 6. Bg5 Ne4 7. Bh4 Qa5 8. Qb3 e6 9. e3 Bd6 10. Bd3 f5 11. 0-0 0-0 12. Rac1 h6 13. Nb5 Bb8 14. Bg3 Nxg3 15. hxg3 Bd7 16. Rc5 Qb6 17. Rc3 Na5 18. Qb4 a6 0-1

[Event "IECG CP.2000.P.00039"]
[Site "IECG email"]
[Date "2000.10.01"]
[Round "?"]
[White "Ramini, Edgardo Atilio"]
[Black "Birtz, Claude"]
[Result "0-1"]
[WhiteElo "1921"]
[BlackElo "1706"]
[PlyCount "21"]
[EventDate "2000.10.01"]
[EventType "tourn (corr)"]
[EventRounds "6"]
[EventCountry "USA"]
[SourceTitle "Corr 2008"]
[Source "ChessBase"]
[SourceDate "2008.06.24"]
[SourceVersion "1"]
[SourceVersionDate "2008.06.24"]
[SourceQuality "1"]

1. d4 f5 2. g3 e6 3. Bg2 Nf6 4. Nf3 Be7 5. 0-0 0-0 6. c4 d6 7. Nc3 Qe8 8. b3 Nbd7 9. a3 e5 10. Bb2 c6 11. Rc1 0-1

[Event "LUX-chABC"]
[Site "Dudelange"]
[Date "1998.04.14"]
[Round "4.22"]
[White "Baskewitsch, Pierre"]
[Black "Birtz, Claude"]
[Result "1-0"]
[WhiteElo "2015"]
[BlackElo "1620"]
[PlyCount "69"]
[EventDate "1998.04.11"]
[EventType "swiss"]
[EventRounds "9"]
[EventCountry "LUX"]
[SourceTitle "EXT 2013"]
[Source "ChessBase"]
[SourceDate "2012.11.22"]
[SourceVersion "1"]
[SourceVersionDate "2012.11.22"]
[SourceQuality "1"]

1. d4 f5 2. Nf3 Nf6 3. c4 g6 4. Nc3 Bg7 5. Qc2 d6 6. e3 0-0 7. Be2 Nbd7 8. 0-0 e5 9. dxe5 dxe5 10. Rd1 Qe7 11. b3 b6 12. Nb5 Ne8 13. Ba3 c5 14. e4 f4 15. Rd2 Bb7 16. Rad1 Ndf6 17. Nc3 h6 18. Nd5 Qe6 19. Bb2 Nd7 20. Nxf4 exf4 21. Bxg7 Bxe4 22. Qb2 Nxg7 23. Rxd7 Rf7 24. R7d6 Qe7 25. Ne5 Rf6 26. Rd7 Qf8 27. Ng4 Re6 28. Nxh6+ Kh7 29. Rf7 Qh8 30. Ng4 Bc6 31. Nf6+ Kh6 32. Rd3 f3 33. Qd2+ g5 34. Bxf3 Rd8 35. Bd5 1-0

[Event "LUX-chABC"]
[Site "Dudelange"]
[Date "1997.03.31"]
[Round "3.26"]
[White "Birtz, Claude"]
[Black "Weber, Tom"]
[Result "1-0"]
[WhiteElo "1600"]
[BlackElo "1835"]
[PlyCount "61"]
[EventDate "1997.03.29"]
[EventType "swiss"]
[EventRounds "9"]
[EventCountry "LUX"]
[SourceTitle "EXT 2013"]
[Source "ChessBase"]
[SourceDate "2012.11.22"]
[SourceVersion "1"]
[SourceVersionDate "2012.11.22"]
[SourceQuality "1"]

1. d4 d5 2. Nf3 e6 3. Bf4 Nf6 4. e3 Bd6 5. Nbd2 0-0 6. Ne5 Nbd7 7. Ndf3 Qe7 8. Bd3 c5 9. c3 Ne4 10. h4 f6 11. Nxd7 Bxd7 12. Bxd6 Nxd6 13. Ng5 fxg5 14. Bxh7+ Kxh7 15. hxg5+ Kg8 16. Qh5 g6 17. Qh8+ Kf7 18. Rh7+ Ke8 19. Rxe7+ Kxe7 20. Qg7+ Rf7 21. Qxg6 Ne4 22. f3 Ng3 23. Kf2 Ne4+ 24. Ke2 Bb5+ 25. Kd1 Nf2+ 26. Kd2 Raf8 27. Qh6 Ne4+ 28. Kc2 Nf2 29. g6 Bd3+ 30. Kd2 Rf6 31. Qh4 1-0

[Event "Luxembourg op"]
[Site "Luxembourg"]
[Date "1996.??.??"]
[Round "4"]
[White "Birtz, Claude"]
[Black "Verlaine, Alex"]
[Result "0-1"]
[WhiteElo "1605"]
[BlackElo "1840"]
[PlyCount "66"]
[EventDate "1996.??.??"]
[EventType "swiss"]
[EventRounds "9"]
[EventCountry "LUX"]
[SourceTitle "EXT 2005"]
[Source "ChessBase"]
[SourceDate "2004.11.15"]
[SourceVersion "1"]
[SourceVersionDate "2004.11.15"]
[SourceQuality "1"]

1. d4 Nf6 2. Nf3 g6 3. Bf4 Bg7 4. e3 d6 5. Bd3 Nbd7 6. Nbd2 c5 7. c3 a6 8. Nc4 b5 9. Ncd2 Bb7 10. b3 Nd5 11. Rc1 Nxf4 12. exf4 cxd4 13. cxd4 Qb6 14. d5 Bxd5 15. Be4 Bxe4 16. Nxe4 0-0 17. 0-0 Qb7 18. Nc3 Nf6 19. Re1 Rac8 20. Qd2 Nh5 21. Ne2 Rxc1 22. Rxc1 Rc8 23. Rd1 Qe4 24. Ng5 Qc2 25. Qd5 Qxe2 26. Qxf7+ Kh8 27. Qd5 Rf8 28. Rc1 Qb2 29. Re1 Qf6 30. g3 Nxf4 31. gxf4 Qxf4 32. Qg2 Qd2 33. Rxe7 Qc1+ 0-1